| 000 | 00500nam a2200193 4500 | ||
|---|---|---|---|
| 003 | LK-CoMWRAF | ||
| 005 | 20240103102230.0 | ||
| 008 | 230903b2007 |||||||| |||| 00| 0 eng d | ||
| 020 | _a9789551076122 | ||
| 040 |
_aLK-CoMWRAF _dLK-CoMWRAF _eLK-CoMWRAF |
||
| 041 | _aeng | ||
| 082 |
_a820 _bCRE |
||
| 245 |
_aCreative expressions 2 : _bStories & poems |
||
| 260 |
_aKandy : _bKandy books, _c2007 |
||
| 300 | _a118p | ||
| 650 | _aEnglish Literature | ||
| 700 |
_aSanderatne, Nimal _eed. |
||
| 942 | _cBK | ||
| 999 |
_c3382 _d3382 |
||